Euro 2020: Les équipes qualifiées (au 19 novembre) - Statistiques

Statistiques générales
  • Ce quiz a été pris 110 fois
    47 depuis la dernière actualisation
  • Le résultat moyen est 18 sur 20
Statistiques - réponses
Réponse % Correct
Allemagne
100%
France
100%
Espagne
97%
Portugal
97%
Angleterre
95%
Belgique
95%
Suisse
95%
Italie
92%
Pays-Bas
92%
Russie
92%
Suède
92%
Ukraine
92%
Danemark
90%
Pologne
87%
Turquie
87%
Autriche
85%
Croatie
82%
Finlande
79%
République Tchèque
72%
Pays de Galles
67%
Aucun quiz correspondant
Distribution des résultats
% des personnes avec chaque résultat
Percentile par nombre de réponses
Votre historique - résultats
Vous n’avez pas pris ce quiz depuis la dernière actualisation